Highly de-proteinized natural rubber latex examination glove production (Record no. 60424)

MARC details
000 -LEADER
fixed length control field 00610nam a2200181Ia 4500
100 ## - MAIN ENTRY--AUTHOR NAME
Personal name Hong T N
245 #0 - TITLE STATEMENT
Title Highly de-proteinized natural rubber latex examination glove production
260 ## - PUBLICATION, DISTRIBUTION, ETC. (IMPRINT)
Name of publisher International Rubber Conference 1997. Rubber Science and Technology: Improving Quality of Life, Kuala Lumpur, Malaysia 6-9 Oct 1997; p331-334
650 ## - SUBJECT ADDED ENTRY--TOPICAL TERM
Topical Term De-proteinized natural rubber
650 ## - SUBJECT ADDED ENTRY--TOPICAL TERM
Topical Term Glove production
700 ## - ADDED ENTRY--PERSONAL NAME
Personal name Ichikawa N
700 ## - ADDED ENTRY--PERSONAL NAME
Personal name Kawasaki A
700 ## - ADDED ENTRY--PERSONAL NAME
Personal name Kong F W
700 ## - ADDED ENTRY--PERSONAL NAME
Personal name Miyamoto Y
700 ## - ADDED ENTRY--PERSONAL NAME
Personal name Nakade S-I
942 ## - ADDED ENTRY ELEMENTS (KOHA)
Koha item type Journals
Holdings
Withdrawn status Lost status Damaged status Not for loan Home library Current library Shelving location Date acquired Koha item type
      Journals RRII Library RRII Library Rubber chemistry 17/12/2021 Journals